[Event "Europe Echecs online op April"]
[Site "Europe Echecs INT"]
[Date "2020.04.11"]
[Round "10"]
[White "Cognet, R."]
[Black "Dubois, Martine"]
[Result "1/2-1/2"]
[WhiteElo "1500"]
[BlackElo "1809"]
[PlyCount "71"]
[EventDate "2020.04.11"]
[EventType "swiss (blitz)"]
[EventRounds "11"]
[EventCountry "FRA"]
[SourceTitle "EXT 2021"]
[Source "ChessBase"]
[SourceDate "2020.10.23"]
[SourceVersion "1"]
[SourceVersionDate "2020.10.23"]
[SourceQuality "1"]

1. e4 e5 2. Nf3 d6 3. d4 exd4 4. Nxd4 Nc6 5. Nxc6 bxc6 6. Nc3 Be7 7. Bc4 Nf6 8. 0-0 0-0 9. Be3 Be6 10. Bxe6 fxe6 11. Qd3 d5 12. exd5 cxd5 13. Rad1 c5 14. Bf4 Bd6 15. Bg5 h6 16. Bh4 Be7 17. Ne2 d4 18. Nf4 e5 19. Ne6 Qd6 20. Nxf8 Rxf8 21. Rfe1 e4 22. Qg3 Qd5 23. c3 Bd6 24. Qg6 Qf5 25. Qxf5 Bxh2+ 26. Kxh2 Ng4+ 27. Qxg4 Rxf2 28. Re2 e3 29. Rxf2 exf2 30. Qf3 d3 31. Qxf2 d2 32. Rxd2 c4 33. Qxa7 Kh7 34. Rd4 h5 35. Rd7 Kh6 36. Rxg7 1/2-1/2

[Event "Europe Echecs online op April"]
[Site "Europe Echecs INT"]
[Date "2020.04.11"]
[Round "1"]
[White "Zaninetti, Laurent"]
[Black "Cognet, R."]
[Result "1-0"]
[WhiteElo "1962"]
[BlackElo "1500"]
[PlyCount "35"]
[EventDate "2020.04.11"]
[EventType "swiss (blitz)"]
[EventRounds "11"]
[EventCountry "FRA"]
[SourceTitle "EXT 2021"]
[Source "ChessBase"]
[SourceDate "2020.10.23"]
[SourceVersion "1"]
[SourceVersionDate "2020.10.23"]
[SourceQuality "1"]

1. d4 d5 2. Bf4 Nf6 3. e3 Nh5 4. Qxh5 e6 5. c4 Bb4+ 6. Nc3 dxc4 7. Bxc4 Nd7 8. Bg5 Nf6 9. Qd1 Ne4 10. Bxd8 Nxc3 11. bxc3 Bxc3+ 12. Kf1 Bxa1 13. Bxc7 0-0 14. Qxa1 Bd7 15. Nf3 Rac8 16. Bd6 Rxc4 17. Bxf8 Kxf8 18. Ne5 1-0